00519 2200181 4500001002100000005001500021035002000036245005200056100001600108250002000124300003800144856003600182700002900218260004200247082001000289084001600299020002200315INLIS00000000000094320200612012603 a0010-06200000681 aBudidaya gurame agar cepat besar /cAbdul Qolik0 aAbdul Qolik aCetakan pertama a92 hlm :bilustrasi ;c14 x 21 cm aPerpustakaan Umum Kota Makassar0 aPenyunting : Nur Iswarso aDepok :bHijaz Pustaka Mandiri,c2018 a639.3 a639.3 ABD b a978-602-51556-4-2